| 000 | 00485nam a2200169Ia 4500 | ||
|---|---|---|---|
| 008 | 230524s9999 xx 000 0 und d | ||
| 020 | _a9788173719981 | ||
| 082 |
_a380.5505 _bVEN |
||
| 100 | _aC Venkatramaiah | ||
| 245 | 0 | _a"Transportation Engineering Vol.II : Railways,Airports,Docks and Harbours,Bridges and Tunnels" | |
| 250 | _a2 | ||
| 260 |
_aNew Delhi _bUniversities Press _c2006 |
||
| 300 | _a"X,951p;" | ||
| 500 | _aQuantity Number: 21 | ||
| 650 | _aCivil | ||
| 942 | _cBK | ||
| 999 |
_c57827 _d57827 |
||